000 00362nam a2200145Ia 4500
008 150201s2005 xx 000 0 und d
082 _a616.01
_bH2005K
100 _aKHAN,M GABRIEL
245 _aHEART DISEASE DIAGNOSIS & THERAPY
250 _a2ND
260 _bHUMAN PRESS PUBLICATION
_aDELHI
_c2005
300 _a1-530
650 _aMEDICINE
942 _2ddc
_cBK
999 _c4033
_d4033